000 00870nam a2200289 a 4500
001 000116201
003 CHAP
005 20220329144605.0
008 191003s2018 mx | |r| |||1|0|spa d
010 _a112662
011 _a113634
020 _a9786071205162
040 _cCHAP
082 0 4 _a781.630904
_bC35
100 1 _aCastillejos Peral, Silvia.
_920069
245 3 _aLa internacional sonora santanera :
_bbiografia de un grupo musical /
_cpor Silvia Castillejos Peral.
260 _aMéxico :
_bUACH,
_c2018.
300 _a239 p.
590 _aBATCH-UPD
_b05
_c20191003
_lUCH01
_h1232
590 _aE6339RRR
_b05
_c20191003
_lUCH01
_h1232
610 1 _aSonora Santanera (Grupo musical)
_xHistoria
_9136951
650 1 4 _aMúsica popular
_zMéxico.
_9132295
650 1 4 _aOrquestas de baile
_zMéxico.
_9136952
901 _aBK
942 _cLIBRO
942 _n0
999 _c112662
_d112662